| 000 | 01110nam a2200277Ia 4500 | ||
|---|---|---|---|
| 003 | OSt | ||
| 005 | 20220923211554.0 | ||
| 006 | a|||||r|||| 00| 0 | ||
| 007 | ta | ||
| 008 | 220922b |||||||| |||| 00| 0 san d | ||
| 020 |
_a9789385539183 (hbk) _c1295 |
||
| 024 | _a324,878 | ||
| 037 |
_b505, 11/01/2018, Vidyanidhi Prakashan _cTextual |
||
| 040 |
_aARTS _cARTS _bsan |
||
| 041 |
_2san _asan |
||
| 082 | _aO15,2D35:g, Q7 | ||
| 100 | _aराजा राम, ले. | ||
| 245 | 0 | _aभास के दृश्यकाव्यों में विरोधी इच्छाओं का संघर्ष | |
| 246 | _aBhās ke dṛushyakāvyoan mean virodhī ichchhāoan kā sangharṣha | ||
| 260 |
_aदिल्ली _b विद्यानिधि प्रकाशन _c2017 |
||
| 300 |
_a342पृ0 _ccm. |
||
| 650 |
_a संस्कृत नाटक _9160814 |
||
| 650 | _aसंस्कृत साहित्य | ||
| 942 |
_hO15,2D35:g, Q7 _cTEXL _2CC |
||
| 999 |
_c300884 _d300884 |
||